00389nam a2200109Ia 4500008004100000082001000041100003300051245005200084260003900136630005200175730005200227100328s9999 xx 000 0 und d b30358 aगांधी मो. क. aसत्याग्रह-विचार (4) bगांाी वाङेमय aसत्याग्रह-विचार (4) aसत्याग्रह-विचार (4)